000
00362nam a2200133Ia 4500
008
231129s9999||||xx |||||||||||||| ||spa||
020
_a
84-206-2296-6
040
_b
spa
082
_a
193 W831b
100
_a
Brand Gerd
245
0
_a
Los textos fundamentales de Ludwig Wittgenstein
264
_a
Alianza
942
_2
ddc
_c
BKS
999
_c
20091
_d
20091